000 00681nam a2200289Ia 4500
005 20260324112311.0
008 008 260324s9999 xx 000 0 eng d
020 _a9781003320937
037 _aEBOOK
040 _aCRL
040 _beng
040 _cCRL
041 _2eng
041 _aeng
084 _qCRL
100 _aJustin Patch
_91142123
245 4 _aThe Art of Populism in US Politics
245 0 _bPro-Trump DIY Popular Culture
260 _bTaylor and Francis
260 _c2024
365 _a
365 _b240
856 _uhttp://www.taylorfrancis.com/books/9781003320937
942 _cEBOOK
999 _c1731276
_d1731276